Introduction to United States Government Information Sources

Salvato in:
Dettagli Bibliografici
Autore principale: Morehead, Joe
Altri autori: Fetzer, Mary
Natura: Libro
Lingua:inglese
Pubblicazione: Englewood Libraries Unlimited 1992
Edizione:4. ed.
Serie:Library Science Text Series
Soggetti:
Tags: Aggiungi Tag
Nessun Tag, puoi essere il primo ad aggiungerne!!

MARC

LEADER 00000nam a2200000 4500
001 c021192
005 20221206083240.0
020 |a 1-56308-066-4 
041 0 |a eng 
044 |a US 
245 1 0 |a Introduction to United States Government Information Sources  |c Joe Morehead, Mary Fetzer 
250 |a 4. ed. 
264 1 |a Englewood  |b Libraries Unlimited  |c 1992 
300 |a 474 s. 
490 1 |a Library Science Text Series 
830 0 |a Library Science Text Series 
610 2 0 |a vláda 
610 2 0 |a moc výkonná 
610 2 0 |a moc zákonodarná 
610 2 0 |a informácie 
610 2 0 |a publicistika 
610 2 0 |a knižnice 
610 2 0 |a dokumenty 
610 2 0 |a štát 
610 2 0 |a úrady 
610 2 0 |a ministerstvá 
610 2 0 |a systémy správne 
610 2 0 |a katalógy knižničné 
610 2 0 |a štruktúra organizačná 
610 2 0 |a patenty 
610 2 0 |a agentúry 
610 2 0 |a orgány štátne 
610 2 0 |a zdroje informácií 
610 2 0 |a orgány zastupiteľské 
610 2 0 |a USA 
100 1 |a Morehead, Joe 
700 1 |a Fetzer, Mary